| 000 | 00678nam a2200193 a 4500 | ||
|---|---|---|---|
| 001 | 2984 | ||
| 005 | 20140414131955.0 | ||
| 008 | 060103s19uu xx 00 eng d | ||
| 020 | _a0439-43828-4 | ||
| 050 |
_aTR 372.7 _bE5 2003 |
||
| 100 | _aEckenrode Rogers, Sarah E. | ||
| 245 |
_aMunchie Math, Grades K-2 / _cby Sarah E. Rogers Eckenrode and Linda K. Rogers. |
||
| 260 |
_aNew York : _bScholastic, _c2003. |
||
| 300 | _a78 p. ; cm. | ||
| 520 | _aDozens of skill-building math activities that use edilble manipulatives to help kids meet the NCTM standards. | ||
| 650 |
_aArithmetic _xJuvenile literature. |
||
| 650 |
_aMathematics _xJuvenile literature. |
||
| 999 |
_c112896 _d112896 |
||